|
|
|
|
| LEADER |
00869nam a22002412a 4500 |
| 001 |
001836888 |
| 003 |
CZ BrMZK |
| 005 |
20221012095346.0 |
| 007 |
ta |
| 008 |
221012s1921 gw a er|||||||||||ger d |
| 040 |
|
|
|a BOA001
|b cze
|e aacr2
|
| 041 |
1 |
|
|a ger
|h swe
|
| 100 |
1 |
|
|a Arrhenius, Svante,
|d 1859-1927
|7 mzk2002142320
|4 aut
|
| 245 |
1 |
4 |
|a Die Vorstellung vom Weltgebäude im Wandel der Zeiten :
|b das Werden der Welten : Neue Folge /
|c von Svante Arrhenius ; aus dem Schwedischen übersetzt von L. Bamberger
|
| 250 |
|
|
|a 7. Aufl.
|
| 260 |
|
|
|a Leipzig :
|b Akademische Verlagsgesellschaft,
|c 1921
|
| 300 |
|
|
|a xi, 231 s. :
|b il.
|
| 700 |
1 |
|
|a Bamberger, Ludwig,
|d 1823-1899
|7 jx20090210002
|4 trl
|
| 910 |
|
|
|a BOA001
|b 2-0234.199
|
| 990 |
|
|
|a BK
|
| 993 |
|
|
|a Y
|
| 991 |
|
|
|b 202210
|
| 996 |
7 |
|
|b 2618776637
|c 2-0234.199
|l MZK
|r Sklad / do 24 hodin
|n 0
|w 001902257
|u 000010
|a 1
|e BOA001
|j MZK50
|s A
|